Top 25 World Cup goal scorers - Statistics

General Stats
  • This quiz has been taken 68 times
  • The average score is 14 of 24
Answer Stats
Goals Nation Player % Correct
14 Germany Muller
100%
10 Germany Muller
100%
15 Brazil Ronaldo
100%
16 Germany Klose
98%
13 Argentina Messi
98%
12 France Mbappe
96%
12 Brazil Pele
93%
9 Portugal Eusebio
75%
13 France Fontaine
73%
10 Argentina Batistuta
58%
9 Italy Baggio
56%
10 England Lineker
56%
9 Spain Villa
56%
11 Germany Klinsmann
49%
9 Italy Rossi
49%
9 Brazil Jairzinho
42%
9 Germany Rummenigge
42%
11 Hungary Kocsis
33%
10 Poland Lato
33%
9 Germany Seeler
29%
9 Italy Vieri
29%
10 Peru Cubillas
27%
9 Brazil Vava
20%
10 Germany Rahn
18%
No matching quizzes found
Score Distribution
Percent of People with Each Score
Percentile by Number Answered
Your Score History
You have not taken this quiz